<?xml version='1.0' encoding='UTF-8'?>
  <record xmlns="http://www.loc.gov/MARC21/slim">
    <leader>00000nem a2200000 i 4500</leader>
    <controlfield tag="001">ocn980447800</controlfield>
    <controlfield tag="003">OCoLC</controlfield>
    <controlfield tag="005">20260118053725.3</controlfield>
    <controlfield tag="008">110203s1733    ne        u     0   dut d</controlfield>
    <datafield tag="040" ind1=" " ind2=" ">
      <subfield code="a">QGJ</subfield>
      <subfield code="b">dut</subfield>
      <subfield code="c">QGJ</subfield>
      <subfield code="d">OCLCO</subfield>
      <subfield code="d">OCLCL</subfield>
      <subfield code="d">OCLCQ</subfield>
    </datafield>
    <datafield tag="035" ind1=" " ind2=" ">
      <subfield code="a">(OCoLC)980447800</subfield>
    </datafield>
    <datafield tag="041" ind1=" " ind2=" ">
      <subfield code="a">dut</subfield>
    </datafield>
    <datafield tag="100" ind1="1" ind2=" ">
      <subfield code="a">Panser, S.J.</subfield>
      <subfield code="q">(Symon),</subfield>
      <subfield code="d">1696-1754.</subfield>
      <subfield code="1">https://id.oclc.org/worldcat/entity/E39PBJmTkkBvCWc7fHMktfFMyd</subfield>
    </datafield>
    <datafield tag="245" ind1="1" ind2="0">
      <subfield code="a">Vertoning van de merkwaardige zons-verduistering ofte groote zon-eclips, die wezen zal den 13 mey 1733 hoe deselve zig boven de stad Amsterdam en andere omleggende steden zal vertonen, alles op een nieuwe en uytvoerige wyse uytgewerkt na de beroemde astronomise tafels van de hr. De la Hire nevens eene nette aanwysing op deze wereld kaart waer en hoe verre deze verduystering zal konnen gezien worden /</subfield>
      <subfield code="c">door Simon Panser leermeester in de wiskunst en navigatie te Emden.</subfield>
    </datafield>
    <datafield tag="264" ind1=" " ind2="1">
      <subfield code="a">'t Amsterdam :</subfield>
      <subfield code="b">by Reinier &amp; Josua Ottens ...,</subfield>
      <subfield code="c">1733.</subfield>
    </datafield>
    <datafield tag="300" ind1=" " ind2=" ">
      <subfield code="a">1 plano (kopergrav.) ;</subfield>
      <subfield code="c">48 x 88 cm</subfield>
    </datafield>
    <datafield tag="336" ind1=" " ind2=" ">
      <subfield code="a">cartografische afbeelding</subfield>
      <subfield code="b">cri</subfield>
      <subfield code="2">rdacontent/dut</subfield>
    </datafield>
    <datafield tag="337" ind1=" " ind2=" ">
      <subfield code="a">zonder medium</subfield>
      <subfield code="b">n</subfield>
      <subfield code="2">rdamedia/dut</subfield>
    </datafield>
    <datafield tag="338" ind1=" " ind2=" ">
      <subfield code="a">vel</subfield>
      <subfield code="b">nb</subfield>
      <subfield code="2">rdacarrier/dut</subfield>
    </datafield>
    <datafield tag="500" ind1=" " ind2=" ">
      <subfield code="a">Met aan weerszijden een verklarende tekst: 'Generale aanwyzing op de wereld kaart, hoe verre zig de verduistering op den aardkloot zal vertoonen' en 'Meetkunstige vertooning, hoe de verduistering te Amsterdam zal gezien worden, in grootheit, begin, midden, en einde [...] Symon Panser'.</subfield>
    </datafield>
    <datafield tag="500" ind1=" " ind2=" ">
      <subfield code="a">Op deze wereldkaart geeft Simon Jansz. Panser uit Emden het gebied aan waarop de totale zonsverduistering van 13 mei 1733 zichtbaar zal zijn.</subfield>
    </datafield>
    <datafield tag="510" ind1="0" ind2=" ">
      <subfield code="a">Muller 3751</subfield>
    </datafield>
    <datafield tag="650" ind1=" " ind2="7">
      <subfield code="a">Zon.</subfield>
      <subfield code="0">(NL-LeOCL)078968712.</subfield>
      <subfield code="2">gtt</subfield>
    </datafield>
    <datafield tag="650" ind1=" " ind2="7">
      <subfield code="a">Eclipsen.</subfield>
      <subfield code="0">(NL-LeOCL)078491681.</subfield>
      <subfield code="2">gtt</subfield>
    </datafield>
    <datafield tag="650" ind1=" " ind2="7">
      <subfield code="a">Wereld.</subfield>
      <subfield code="0">(NL-LeOCL)078957214.</subfield>
      <subfield code="2">gtt</subfield>
    </datafield>
    <datafield tag="856" ind1="4" ind2="1">
      <subfield code="u">http://objects.library.uu.nl/reader/resolver.php?obj=002336177&amp;type=2</subfield>
      <subfield code="x">Online</subfield>
      <subfield code="z">Map</subfield>
    </datafield>
    <datafield tag="936" ind1=" " ind2=" ">
      <subfield code="a">BATCHLOAD</subfield>
    </datafield>
  </record>